[Event "19th Delhi GM Open 2022"]
[Site "Delhi"]
[Date "2022.03.28"]
[Round "9.14"]
[White "Delgado Ramirez, Neuris"]
[Black "Liyanage, Ranindu Dilshan"]
[Result "1-0"]
[WhiteElo "2615"]
[BlackElo "2340"]
[Annotator "TA"]
[PlyCount "103"]
[EventDate "2022.03.22"]
[EventType "swiss"]
[EventCountry "IND"]
[SourceTitle "playchess.com"]
[Source "ChessBase"]
[SourceQuality "1"]

{[%evp 11,103,10,14,0,27,35,31,25,28,34,29,17,22,15,33,0,0,0,0,-6,0,-25,-28,-16,40,33,44,35,33,33,46,54,58,47,88,94,94,97,141,143,140,147,137,125,193,198,198,92,88,37,48,25,51,48,85,79,116,88,99,99,104,0,412,343,343,236,212,206,335,203,367,326,283,283,315,296,312,302,395,393,782,638,625,370,604,581,557,265,12839,12840,12838,12839,12844,12844]} 1. e4 e6 2. d4 d5 3. Nd2 c5 4. Ngf3 cxd4 5. Nxd4 Nf6 6. exd5 Nxd5 {is cutting edge theory.} 7. g3 $5 {[%mdl 4] [#] Leaves trodden paths. C07: French Tarrasch: 3...c5, 4 Ngf3 and 4 exd5 Qxd5.} Nb4 $146 ({Predecessor:} 7... e5 8. N4f3 Nc6 9. Bg2 Be6 10. O-O Be7 11. Re1 f6 12. Nb3 O-O 13. Nfd4 Nxd4 14. Nxd4 Bf7 {½-½ (67) Tsaruk,M (2298)-Holt,C (2549) Chess.com INT 2021}) 8. N4f3 Be7 9. a3 {White is slightly better.} N4c6 10. Bg2 e5 11. O-O O-O 12. Qe2 Bg4 {[%cal Bc8g4,Bg4h5,Bh5g6][%mdl 32]} 13. c3 Nd7 14. h3 Bh5 15. b4 Qc7 16. g4 Bg6 17. Ne4 Nf6 (17... h6 $11) 18. Nxf6+ $14 Bxf6 19. g5 $1 Be7 20. Nh4 Rfe8 {[%cal Oe5e4]} 21. Nxg6 hxg6 22. Be4 Rac8 (22... Nd8 $14 {is more appropriate.}) 23. h4 $16 {h5 is the strong threat.} Nd8 24. h5 gxh5 (24... Ne6 $142) 25. g6 $1 (25. Qxh5 $6 g6 26. Qh3 (26. Bxg6 fxg6 27. Qxg6+ Kf8 $11) 26... Bf8 $14) 25... fxg6 (25... Qxc3 $2 26. Qxh5 $1 Bf6 27. Bd5 $1 $18 {[%mdl 512]} (27. gxf7+ Nxf7 28. Be3 b6 $16)) 26. Bxg6 {A strong pair of Bishops.} Nf7 (26... Qxc3 $2 27. Qxh5 $1 Qc4 28. Bxe8 $18) 27. Qxh5 Bf6 (27... Qc4 $16 28. Be3 (28. f4 Bf6 $16) 28... Rc6) 28. Be3 $18 b6 {[#]} 29. Be4 $40 {[%mdl 128] White has strong attack.} (29. Rad1 $1 $18 {is more deadly.}) 29... Qc4 30. Qh1 {White is much more active.} (30. Qf3 $16) 30... Kf8 $14 31. Rfd1 {To avoid Nd6} Ke7 32. Qg2 Nd6 {[#]} 33. Bd5 (33. Bg6 $6 Rh8 $11) 33... Qh4 34. a4 {And now a5 would win.} Rxc3 35. a5 Rxe3 36. axb6 (36. fxe3 $16 {Black must now prevent axb6.} Bg5 37. Ra3 bxa5 38. e4 (38. bxa5 e4 $11)) 36... Bg5 $2 {[%mdl 8192] Black is now going downhill.} 37. bxa7 Nf5 {[%cal Oe3g3] Hoping for ...Rg3!} 38. Re1 ({Don't blunder} 38. fxe3 $2 Bxe3+ 39. Kf1 Ng3+ 40. Ke1 Nh5+ 41. Ke2 Nf4+ 42. Kxe3 Nxg2+ 43. Bxg2 Rf8 $19) 38... Rxe1+ 39. Rxe1 {The board is on fire.} Kf6 (39... Be3 $142 40. a8=Q (40. Rxe3 Nxe3 41. Qxg7+ Kd6 $16) 40... Rxa8 41. Bxa8 Bd4) 40. Rb1 Nd4 $2 (40... e4 {was necessary.}) 41. a8=Q $18 Rxa8 42. Bxa8 Qh7 43. Ra1 {aiming for Ra6+.} Qd3 {Inhibits Ra6+.} 44. Be4 ({Resist} 44. Qd5 Qe2 45. Qd7 Kg6) 44... Qc4 45. Kh1 Nb3 $2 (45... Ne6 46. Qg4 g6) 46. Rg1 Bh6 47. Qg6+ Ke7 48. Qf5 Qb5 49. Bd3 (49. Qh5 $142) 49... Qxb4 $2 (49... Qd5+ 50. Be4 Nd4 51. Bxd5 Nxf5) 50. Qxe5+ {White is clearly winning.} Kf8 51. Qf5+ Kg8 52. Qc8+ {Weighted Error Value: White=0.30/Black=0.41} 1-0

[Event "19th Delhi GM Open 2022"]
[Site "Delhi"]
[Date "2022.03.29"]
[Round "10.1"]
[White "Gupta, Abhijeet"]
[Black "Gukesh D"]
[Result "0-1"]
[WhiteElo "2628"]
[BlackElo "2614"]
[Annotator "TA"]
[PlyCount "116"]
[EventDate "2022.03.22"]
[EventType "swiss"]
[EventCountry "IND"]
[SourceTitle "playchess.com"]
[Source "ChessBase"]
[SourceQuality "1"]

{[%evp 16,116,-16,-19,0,-30,-28,-25,-32,-30,-32,-41,-25,-89,-57,-87,-60,-64,-55,-59,-48,-48,-52,-57,-48,-52,-55,-57,-50,-50,-52,-54,-50,-50,-45,-54,-51,-49,-49,-50,-27,-57,-58,-67,-29,-61,-56,-69,-69,-69,-68,-69,-72,-87,-47,-42,-66,-70,-62,-19,0,-62,-31,-31,-31,-114,-108,-114,-93,-190,-195,-207,-210,-540,-537,-564,-553,-556,-518,-497,-700,-675,-657,-920,-875,-2590,-2525,-2343,-1787,-12798,-11182,-29967,-29968,-29978,-29980,-29980,-29980,-29984,-29985,-29985,-29986,-29985,-29986]} 1. d4 Nf6 2. c4 e6 {[%cal Be7e6,Be6e5][%mdl 32]} 3. Nc3 Bb4 4. a3 Bxc3+ 5. bxc3 d6 6. e3 O-O 7. Bd3 e5 8. Ne2 e4 9. Bb1 Be6 {E28: Nimzo-Indian: Sämisch: 5...0-0 6 e3.} 10. Ng3 Bxc4 {With the idea ...d5.} 11. Nxe4 Nxe4 {Black has an edge.} 12. Bxe4 {[#]} Nc6 $146 ({Predecessor:} 12... d5 13. Bd3 Bxd3 14. Qxd3 Nd7 15. O-O f5 16. c4 Nb6 17. cxd5 Qxd5 18. Bd2 c5 {0-1 (30) Quinn,D (1987)-Weber,S (2197) Helsingor 2018}) 13. Bd3 Na5 14. Rb1 (14. O-O $11 {keeps the balance.}) 14... d5 15. O-O b6 16. f3 f5 17. Rb2 Qd7 18. Re2 Rae8 19. Rfe1 b5 (19... Qf7 {keeps more tension.} 20. h3 Bxd3 21. Qxd3 Nc4 22. Qc2 c6) 20. e4 Bxd3 21. Qxd3 fxe4 22. fxe4 dxe4 23. Rxe4 Qf5 24. h3 Nc4 {To avoid R1e3. aiming for ...Nd6.} ({Of course not} 24... Rxe4 25. Rxe4 Nc4 26. Qe2 $11) 25. Qe2 Rxe4 26. Qxe4 Qxe4 27. Rxe4 $15 {[%mdl 4096] Endgame KRB-KRN} Kf7 {To avoid Re7+} 28. Kf2 c6 29. Rh4 h6 30. Rg4 a5 31. h4 Ke6+ 32. Ke2 Rf7 {Black is more active.} 33. Rg6+ Kd5 34. g3 a4 35. h5 Re7+ 36. Kd1 Na5 {White must now prevent ...Kc4.} (36... Ke4 $5 {[%cal Re4d3]} 37. Ke2 (37. Rxc6 $2 Kd3 $19) 37... Kd5+ 38. Kd1 Ke4 $15) 37. Bf4 Nc4 {To avoid Bd6} (37... Kc4 $11 {is superior.} 38. Be5 Kxc3 39. Rxg7 Re8) 38. Bc1 c5 (38... Ke4 $5 {[%cal Re4d3]} 39. Ke2 (39. Rxc6 $2 Kd3 $19) 39... Kd5+ 40. Kd1 $15) 39. dxc5 Kxc5 40. Ra6 {[#] White is now going downhill.} (40. Rg4 $15) 40... Ne3+ $1 $17 41. Ke2 Ng4+ 42. Kf3 (42. Kd2 $17 {was worth a try.}) 42... Ne5+ $19 43. Ke4 {[#]} Kc4 $1 {Threatens to win with ...Nd3+.} 44. Kf5 $2 (44. Bf4 Nd3+ 45. Kf3) 44... Kxc3 45. Rb6 Nc4 46. Rb8 Kc2 47. Bf4 Nxa3 48. Kg6 Kb3 49. g4 Re4 50. Kf5 {[#]} Rxf4+ $1 51. Kxf4 {KR-KN} b4 {Hoping for ...Nc4.} 52. Rb7 Nc4 {( -> ...a3)} 53. Rxg7 a3 {[%cal Ba4a3,Ba3a2][%mdl 32] Black mates.} 54. Re7 a2 55. Re1 Ka3 56. g5 hxg5+ 57. Kxg5 b3 {[%cal Bb4b3,Bb3b2][%mdl 32]} 58. h6 b2 {Weighted Error Value: White=0.58/Black=0.06 (flawless)} 0-1

[Event "19th Delhi GM Open 2022"]
[Site "Delhi"]
[Date "2022.03.29"]
[Round "10.2"]
[White "Sethuraman, S.P."]
[Black "Harsha Bharathakoti"]
[Result "0-1"]
[WhiteElo "2619"]
[BlackElo "2499"]
[Annotator "TA"]
[PlyCount "142"]
[EventDate "2022.03.22"]
[EventType "swiss"]
[EventCountry "IND"]
[SourceTitle "playchess.com"]
[Source "ChessBase"]
[SourceQuality "1"]

{[%evp 9,142,0,-2,-17,-26,-18,-27,-36,-25,-9,-4,-47,-47,-61,-51,-43,-42,-39,-37,-16,0,-30,-35,-30,0,-1,-2,-66,-58,-75,-55,-55,-55,-56,-55,-55,-55,-64,-55,-55,-55,-55,-55,-67,-59,-60,-57,-57,-59,-58,-53,-77,-67,-67,-66,-66,-64,-125,-66,-68,-75,-85,-7,-8,-6,-8,0,-13,0,-10,0,0,0,-81,-81,-81,-81,-82,-79,-93,-69,-75,-69,-70,-62,-73,-80,-210,-237,-539,-539,-604,-596,-604,-539,-524,0,-597,-571,-557,-521,-550,-301,-349,-323,-560,-550,-531,-378,-293,-261,-254,-216,-29973,-29974,-29974,-29975,-29975,-29976,-29976,-29977,-29977,-29978,-29978,-29978,-29979,-29980,-29981,-29982,-29982,-29983,-29983,-29984,-29984,-29985]} 1. d4 Nf6 2. c4 e6 3. Nc3 Bb4 4. a3 Bxc3+ 5. bxc3 Nc6 6. f3 {E24: Nimzo-Indian: Sämisch: Unusual Black 5th moves and 5...c5 sidelines.} b6 7. e4 Na5 8. Bd3 {Black has an edge.} Ba6 $1 9. Qe2 c5 10. e5 (10. d5 $11) 10... Ng8 $1 $15 11. Be3 cxd4 12. cxd4 Rc8 {[%cal Ra6c4]} 13. Rc1 {[#]} d5 $146 {[%cal Ra6c4]} ({Predecessor:} 13... Ne7 14. Bf2 d5 15. exd6 Qxd6 16. c5 Bxd3 17. Qxd3 Qd7 18. Ne2 bxc5 19. Qc3 Qb5 20. dxc5 {½-½ (30) Pascua,H (2452)-Docena,J (2270) Manila 2015}) 14. exd6 Qxd6 15. c5 Bxd3 16. Qxd3 ({Don't play} 16. cxd6 Rxc1+ 17. Bxc1 Bxe2 18. Kxe2 Kd7 $17) 16... Qd7 (16... Rxc5 $5 17. Rxc5 bxc5 $11) 17. Qa6 Ne7 18. cxb6 (18. Ne2 $11) 18... axb6 19. Qxb6 Nc4 {Pair of Knights!} 20. Qb3 Nxe3 21. Rxc8+ Qxc8 22. Qxe3 Nd5 23. Qd2 Qa6 24. Ne2 Qxa3 25. O-O O-O 26. Rc1 Rd8 27. Rc2 h6 28. Qc1 Qa6 29. Qd2 Ne7 30. Qc3 Nf5 31. Qc7 Qa8 32. Ra2 Qxa2 33. Qxd8+ Kh7 34. Kf2 Qd2 35. Qb6 Qe3+ (35... Ne3 $1 $17 {[%cal Re3d1] And now ...Nd1+ would win.} 36. Qb1+ Nc2) 36. Kf1 $11 Qd3 37. Kf2 Qe3+ 38. Kf1 Qd3 {Threatens to win with ...Ne3+.} 39. Kf2 Ne3 {[%cal Oe3g2] aiming for ...Nxg2!} 40. Qc7 Nc2 41. Qc3 (41. Nf4 $1 $11 Qd2+ 42. Kg3) 41... Qxc3 $17 {Black is more active.} 42. Nxc3 Nxd4 {[%mdl 4096] Endgame KN-KN} 43. f4 Kg6 44. g4 Kf6 45. Ke3 Nc6 46. Ne4+ Ke7 47. h4 g6 {[%cal Bg7g6,Bg6f5][%mdl 32] White is now going downhill.} 48. Ng3 {[#]} (48. Nc5 $17) 48... f5 $1 $19 49. gxf5 (49. Kf3) 49... gxf5 50. Kd3 Nb4+ 51. Kd4 Kf6 52. Nh5+ Ke7 53. Ng3 Kd6 {Hoping for ...Nd5.} 54. Ke3 Nd5+ 55. Kf3 Nf6 56. Ke3 Kc5 57. Kd3 $2 (57. Kf3) 57... Nd5 58. Nh5 Kd6 {White must now prevent ...Ne7.} 59. Ke2 Nc3+ 60. Kd3 Ne4 61. Kd4 $2 (61. Ke3 $19 Kd7 62. Ng7) 61... Ke7 {Black mates.} 62. Ke3 Kf7 63. Kf3 Kg6 64. Ng3 {[#]} Nxg3 $1 65. Kxg3 {K3P-KPP} Kf6 66. Kf3 e5 67. Ke3 Ke6 68. fxe5 Kxe5 69. Kf3 f4 70. Kf2 Kf5 71. Kf3 h5 {Weighted Error Value: White=0.22 (precise) /Black=0.17 (very precise)} 0-1

[Event "19th Delhi GM Open 2022"]
[Site "Delhi"]
[Date "2022.03.29"]
[Round "10.3"]
[White "Erigaisi Arjun"]
[Black "Karthik Venkataraman"]
[Result "1-0"]
[WhiteElo "2633"]
[BlackElo "2485"]
[Annotator "TA"]
[PlyCount "115"]
[EventDate "2022.03.22"]
[EventType "swiss"]
[EventCountry "IND"]
[SourceTitle "playchess.com"]
[Source "ChessBase"]
[SourceQuality "1"]

{[%evp 9,115,20,16,0,0,0,16,9,16,22,12,12,31,41,47,22,47,19,10,-29,0,0,0,-16,0,-62,-9,-27,84,17,25,8,0,0,20,20,26,20,17,14,22,0,19,48,44,0,0,0,0,0,0,0,0,0,0,0,0,-30,0,0,0,0,0,0,0,0,165,168,233,245,340,338,822,443,437,421,574,561,526,500,418,120,107,81,83,54,94,102,110,111,94,110,490,492,636,636,622,621,598,568,576,574,553,551,786,534,29996,29997]} 1. e4 c5 2. Nf3 d6 3. d4 cxd4 4. Nxd4 Nf6 5. Nc3 a6 6. h4 {B90: Sicilian Najdorf: Unusual White 6th moves, 6 Be3 Ng4 and 6 Be3 e5.} e5 7. Nb3 Be6 8. f4 {The position is equal.} exf4 9. Bxf4 Nc6 10. Qd2 Be7 11. O-O-O Ne5 12. h5 $5 {[%mdl 4] [#] Exploring less charted territory.} O-O $146 ({Predecessor:} 12... Rc8 13. Qe1 Qc7 14. Nd4 b5 15. a3 O-O 16. Nf5 Bxf5 17. exf5 Rfe8 18. g4 Nexg4 {0-1 (45) Gantner,M (2324)-Germanavicius,S (2326) Antalya 2017}) 13. Nd4 Rc8 14. Nf5 Bxf5 15. exf5 h6 16. Be2 {[%cal Og2g4]} Re8 17. Rh3 (17. g4 $11) 17... b5 (17... Nc4 $1 $15 18. Bxc4 Rxc4 19. Bxd6 Bxd6 20. Qxd6 Qxd6 21. Rxd6 Rg4) 18. a3 $11 {[%cal Og2g4]} Kh8 (18... Nc4 $11 19. Bxc4 Rxc4) 19. Kb1 (19. g4 $1 $16) 19... Bf8 20. Re3 Qc7 21. g4 {[%cal Bg2g4,Bg4g5][%mdl 32]} Nc4 22. Bxc4 Qxc4 23. Rxe8 Rxe8 24. g5 (24. Bxd6 Rd8 25. Qh2 Qxg4 $17) 24... Nxh5 25. Bh2 Qg4 26. gxh6 (26. Bxd6 Rd8 27. Qh2 hxg5 $15) 26... gxh6 27. Bxd6 (27. Qd5 $1 $14 Ng7 28. Qc6 (28. Qxf7 Qxf5 29. Qa7 Qc8 $14) 28... Qxf5 29. Qxa6) 27... Bg7 28. Rf1 {[%cal Of5f6]} Qh3 29. Qd1 {Rh1 is the strong threat.} Nf6 30. Bf4 Kh7 31. Bc1 Re5 32. Qd3 Qg2 33. Ka2 h5 34. Rf3 $1 Qg4 35. Rf4 {To avoid Qc4+} Qg1 36. Rf1 Qg2 37. Rf3 $1 h4 $2 (37... Re1 $11 {and Black is okay.} 38. Bf4 Qg4) 38. Rf4 $1 $18 {[%cal Bf3f4,Bf4h4,Bh4h5][%mdl 32]} Qg3 (38... h3 $142 39. Rh4+ Kg8) 39. Qd4 $1 {[%csl LRe5,LRh4]} Nh5 40. Ne4 (40. Rxh4 Rxf5 41. Qe4 Kg8 $18) 40... Qe1 (40... Rxe4 41. Qxe4 Nxf4 42. Bxf4 Qg4) 41. Ng5+ Kg8 {[#]} 42. Rxh4 Re8 (42... Qe2 43. Qd7) 43. Qd5 Rf8 44. Rxh5 {[%cal Of5f6]} Qxc1 {[%csl Gg7][%cal Rc1b2]} 45. Qb3 $40 {[%mdl 128] Black is in trouble. Dancing on a razor blade.} (45. c3 $18 {[%cal Of5f6] is the precise move to win. aiming for f6!} Bxc3 46. Rh2 $1 (46. bxc3 Qc2+ 47. Ka1 Qc1+ 48. Ka2 Qc2+ 49. Ka1 Qc1+ 50. Ka2 $11)) 45... Qf4 $16 46. Nh3 Qe5 47. Nf2 {Hoping for Rg5.} Qe2 48. Rh2 {Strongly threatening Rg2.} Rc8 49. Rg2 $1 Rc6 {[#]} 50. Qd3 $1 Qe5 {[%mdl 8192] [#] This move loses the game for Black.} (50... Qxd3 $16 51. Nxd3 Kf8) 51. c3 $1 $18 {And now Qd8+ would win.} ({Weaker is} 51. Qd8+ Kh7 52. Nd3 Qxf5 $14) 51... Rd6 {Prevents Qd8+.} 52. Qe4 {Qxe5 would kill now.} Kf8 53. Qa8+ Ke7 54. Ne4 Rd8 55. Qc6 Bh8 56. f6+ Kf8 57. Ng5 {[%cal Rg5h7]} Qf5 {[#] Inhibits Nh7+.} 58. Nh7+ $1 {[%mdl 512] Weighted Error Value: White=0.27 (precise) /Black=0.53} 1-0

[Event "19th Delhi GM Open 2022"]
[Site "Delhi"]
[Date "2022.03.29"]
[Round "10.4"]
[White "Gusain, Himal"]
[Black "Lalith Babu M R"]
[Result "1/2-1/2"]
[WhiteElo "2408"]
[BlackElo "2563"]
[Annotator "TA"]
[PlyCount "69"]
[EventDate "2022.03.22"]
[EventType "swiss"]
[EventCountry "IND"]
[SourceTitle "playchess.com"]
[Source "ChessBase"]
[SourceQuality "1"]

{[%evp 17,69,12,10,19,12,10,13,0,12,0,12,0,8,6,5,17,11,-22,-13,-17,-30,-105,-102,-103,-87,-94,-64,-47,0,0,0,0,0,0,0,0,0,0,0,-74,-82,-75,-6,-18,-26,-16,-6,-21,0,-10,-8,-10,0,-31]} 1. e4 e5 2. Nf3 Nc6 3. Bc4 Bc5 4. c3 Nf6 5. d4 exd4 6. e5 d5 7. Bb5 Ne4 8. cxd4 Bb6 9. Nc3 O-O 10. Be3 {C54: Giuoco Piano: 4 c3 Nf6, main lines with 5 d4 and 5 d3.} Bg4 {[%cal Bc8g4,Bg4h5,Bh5g6,Bg6f5][%mdl 32]} 11. h3 Bh5 12. Qc2 Bg6 {[#] Strongly threatening ...Nxc3.} 13. Qb3 Ne7 14. Nh4 c6 {[#]} 15. Be2 $146 ({Predecessor:} 15. Nxg6 hxg6 16. Bd3 Nf5 17. Bxe4 Nxe3 18. fxe3 Qh4+ 19. Ke2 dxe4 20. Raf1 c5 21. Rf4 {1-0 (31) Zeng,C (2539)-Zhao,J (2627) China 2019}) 15... Nf5 16. Nxf5 Bxf5 17. O-O-O c5 18. dxc5 Bxc5 19. Bxc5 ({Avoid the trap} 19. Qxb7 $2 Rb8 20. Qa6 Bxe3+ 21. fxe3 Nxc3 22. bxc3 Qg5 $19) (19. Qxd5 $2 Nxc3 20. Qxf7+ Rxf7 $19) (19. Rxd5 $2 Bxe3+ 20. fxe3 Qg5 21. Nxe4 Bxe4 $19) (19. Nxd5 $2 Rc8 20. Bc4 Nxf2 21. Bxf2 Bxf2 $19) (19. Nxe4 $1 $11 Bxe3+ 20. Qxe3 (20. fxe3 Bxe4 21. Bd3 Bxg2 $17) 20... Bxe4 21. Bd3 Qc7+ 22. Kb1) 19... Nxc5 $17 20. Qxd5 {[#]} Qa5 ({Much worse is} 20... Qg5+ $6 21. Qd2 Qxg2 22. Qf4 $15) 21. Qc4 Rac8 {Hoping for ...Ne4.} 22. Qb5 Qxa2 23. Bc4 $11 Nd3+ 24. Bxd3 a6 $1 25. Qb4 ({Of course not} 25. Qxb7 Bxd3 26. Rxd3 Qa1+ 27. Kc2 Qxh1 $19) 25... Bxd3 26. Kd2 {Really sharp!} Qc4 27. Qxc4 Bxc4 28. f4 (28. Ke3 $11) 28... f6 29. exf6 Rxf6 (29... Bb3 $17 30. Rde1 Rxf6) 30. Ke3 Rb6 31. Rd2 Rb3 {The position is equal.} 32. Ra1 b5 {Threatens to win with ...b4.} (32... Bb5 $5) 33. Kf2 Rf8 34. Kg1 b4 35. Nd5 {Weighted Error Value: White=0.15 (very precise) /Black=0.10 (very precise)} 1/2-1/2

[Event "19th Delhi GM Open 2022"]
[Site "Delhi"]
[Date "2022.03.29"]
[Round "10.5"]
[White "Tahbaz, Arash"]
[Black "Nigmatov, Ortik"]
[Result "0-1"]
[WhiteElo "2469"]
[BlackElo "2445"]
[Annotator "TA"]
[PlyCount "86"]
[EventDate "2022.03.22"]
[EventType "swiss"]
[EventCountry "IND"]
[SourceTitle "playchess.com"]
[Source "ChessBase"]
[SourceQuality "1"]

{[%evp 21,86,19,26,15,25,23,8,17,13,16,12,10,24,30,20,14,14,0,65,25,25,32,41,46,43,33,52,10,16,-33,-69,-78,-63,-70,-58,-78,-58,-132,-149,-146,-104,-120,0,0,0,-272,-265,-245,-73,-422,-403,-364,-293,-459,-427,-828,-803,-799,-779,-29960,-29961,-29966,-29958,-29972,-29973,-10960,-5097]} 1. d4 Nf6 2. Nf3 g6 3. g3 Bg7 4. Bg2 O-O 5. O-O d5 6. c4 Nc6 {[%cal Bb8c6,Bc6a5,Ba5c4][%mdl 32]} 7. cxd5 Nxd5 8. e4 Nb6 9. d5 Na5 10. Qe1 Nac4 11. Nc3 e6 {[%cal Re6d5]} 12. b3 {D74: Fianchetto Grünfeld: Main Line (5 Nf3 0-0 6 cxd5 Nxd5 7 0-0).} Qf6 13. bxc4 Qxc3 14. Qxc3 {The position is equal.} Bxc3 15. Rb1 Nxc4 16. Bh6 Bg7 17. Bxg7 Kxg7 18. dxe6 a6 {[#]} 19. exf7 $146 ({Predecessor:} 19. Rfc1 b5 20. exf7 Bg4 21. Nd4 Rad8 22. Nb3 Rxf7 23. Rc3 g5 24. h3 Bc8 25. Re1 {0-1 (54) Franciskovic,B (2267)-Petrova,K (2271) Baku 2016}) 19... Rxf7 (19... Bg4 $1 $11) 20. Rbc1 (20. Rfc1 $5 {[%cal Rc1c4]} b5 21. a4 $16) 20... b5 21. Ng5 Re7 22. e5 Rb8 23. f4 Bf5 24. Rfd1 (24. Bc6 $14 {might be stronger.}) 24... c5 $11 25. Ne4 (25. Rc3 $11 {should be considered.}) 25... Ne3 $15 26. Re1 Nxg2 {Black is more active.} 27. Kxg2 c4 28. Nd6 Rc7 29. h3 ({White should play} 29. Kf3 $15) 29... Be6 $1 $17 30. g4 c3 {Threatens to win with ...b4.} 31. f5 gxf5 ({Of course not} 31... Bxa2 $6 32. f6+ Kg8 33. e6 $11) ({Black should try} 31... Bd5+ $17 32. Kg3 Bxa2) 32. gxf5 $11 Bxa2 {aiming for ...b4.} 33. Re3 $2 {[%mdl 8192] [#]} (33. f6+ $11 Kh6 34. Kh2) 33... b4 $1 $19 34. f6+ Kg6 $2 (34... Kh6 $19 {and Black stays clearly on top.} 35. Nf5+ Kg6) 35. Rg3+ $2 {[%mdl 8192] Loses the game.} (35. Rf1 $17 {is tougher.} h6 36. e6) 35... Kh5 {White must now prevent ...Be6.} 36. Nf5 Be6 37. Rf1 {[#]} (37. Ng7+ {might work better.} Rxg7 38. Rxg7 (38. fxg7 $2 {too greedy.} Rc8 $19)) 37... Rg8 $1 38. Rxg8 (38. Rf4 $142 Rxg3+ 39. Nxg3+ Kg6 40. Rxb4) 38... Bxg8 {KRB-KRN} 39. Nd4 c2 40. e6 c1=Q 41. Rxc1 Rxc1 42. f7 {[#]} Bxf7 $1 43. exf7 Rc8 {Weighted Error Value: White=0.93/Black=0.16 (very precise)} 0-1

[Event "19th Delhi GM Open 2022"]
[Site "Delhi"]
[Date "2022.03.29"]
[Round "10.6"]
[White "Iniyan, P."]
[Black "Neelash Saha"]
[Result "*"]
[WhiteElo "2516"]
[BlackElo "2445"]
[Annotator "ChessBase"]
[PlyCount "27"]
[EventDate "2022.03.22"]
[EventType "swiss"]
[EventCountry "IND"]
[SourceTitle "playchess.com"]
[Source "ChessBase"]
[SourceQuality "1"]
[TimeControl "5400+30"]

1. e4 {[%emt 0:08:49]} e6 {[%emt 0:00:02]} 2. d4 {[%emt 0:00:06]} d5 {[%emt 0:00:04]} 3. Nc3 {[%emt 0:00:05]} Bb4 {[%emt 0:00:02]} 4. e5 {[%emt 0:00:06]} c5 {[%emt 0:00:05]} 5. a3 {[%emt 0:00:05]} Bxc3+ {[%emt 0:00:02]} 6. bxc3 {[%emt 0:00:08]} Qa5 {[%emt 0:00:02]} 7. Bd2 {[%emt 0:00:08]} Qa4 {[%emt 0:00:03]} 8. h4 {[%emt 0:00:08]} Nc6 {[%emt 0:00:30]} 9. h5 {[%emt 0:00:33]} h6 {[%emt 0:00:06]} 10. Nf3 {[%emt 0:00:22]} Nge7 {[%emt 0:01:24]} 11. Rh4 {[%emt 0:00:48]} c4 {[%emt 0:00:10]} 12. g3 {[%emt 0:00:40]} Bd7 {[%emt 0:00:11]} 13. Rf4 {[%emt 0:05:02]} Rf8 {[%emt 0:04:35]} 14. Nh4 {[%emt 0:00:24]} *

[Event "19th Delhi GM Open 2022"]
[Site "Delhi"]
[Date "2022.03.29"]
[Round "10.7"]
[White "Shahil Dey"]
[Black "Delgado Ramirez, Neuris"]
[Result "0-1"]
[WhiteElo "2400"]
[BlackElo "2615"]
[Annotator "TA"]
[PlyCount "60"]
[EventDate "2022.03.22"]
[EventType "swiss"]
[EventCountry "IND"]
[SourceTitle "playchess.com"]
[Source "ChessBase"]
[SourceQuality "1"]

{[%evp 18,60,34,40,49,27,20,29,26,23,30,22,31,8,10,-18,23,37,51,41,18,31,61,0,0,0,187,0,0,-50,-28,-92,-26,-110,-45,-46,-42,-104,-98,-481,-466,-633,-628,-653,-641]} 1. e4 c5 2. Nf3 d6 3. d4 cxd4 4. Nxd4 Nf6 5. Nc3 Nc6 6. Bg5 e6 7. Qd2 a6 8. O-O-O Bd7 {The main line 8...Bd7 scores better than 8...h6.} 9. f3 Nxd4 10. Qxd4 Be7 {B67: Sicilian: Richter-Rauzer: 7...a6 8 0-0-0 Bd7, lines without 9 f4 Be7.} 11. Kb1 Qc7 12. h4 Rc8 {White has an edge.} 13. g4 h5 14. gxh5 Nxh5 {[#]} 15. Bh3 $146 ({Predecessor:} 15. Qd2 b5 16. Bd3 b4 17. Ne2 a5 18. f4 Rb8 19. Rhf1 a4 20. e5 d5 21. f5 Bxg5 22. hxg5 exf5 23. Bxf5 Bxf5 24. Rxf5 {½-½ (44) Oparin,G (2622)-Gabrielian,A (2493) Batumi 2018}) 15... b5 16. Rhe1 Nf6 (16... a5 {might be stronger.}) 17. Qd2 $11 b4 18. Ne2 a5 19. Nd4 a4 20. f4 (20. Qxb4 $14 Rb8 21. Qd2 (21. Qa3 Qb7 $11)) 20... a3 $1 21. e5 $1 axb2 $2 {[#]} 22. exf6 $2 (22. Nxe6 $1 $18 {[%mdl 512]} fxe6 23. exd6) 22... gxf6 23. f5 e5 $1 $36 {[%mdl 2048] White is under pressure.} (23... fxg5 $2 24. fxe6 fxe6 25. Bxe6 Bxe6 26. Rxe6 $18) 24. Bh6 (24. Be3 $1 $11 {keeps the balance.}) 24... Qc3 ({Black should try} 24... Ba4 $17 25. Re2 exd4) 25. Bg4 {[#]} (25. Bg2 $1 $11) 25... Qxd2 {Chess con chili.} (25... Qxd4 $2 26. Qxd4 exd4 27. Bg7 $18) ({Better is} 25... Qc4 $1 $17 {Strongly threatening ...Ra8.} 26. Bf3 d5) 26. Bxd2 Rxh4 ({Much worse is} 26... exd4 27. Bxb4 Rxh4 28. Rxd4 Bxf5 29. Bxd6 Rxg4 30. Rxe7+ Kd8 31. Rxg4 Bxg4 32. Rxf7 $11) 27. Rg1 exd4 $17 28. Bxb4 $2 {[%mdl 8192]} (28. Rh1 $17 Rxh1 29. Rxh1) 28... Rc4 $19 {Black is clearly winning.} 29. Be1 {[#]} d3 $1 {[%mdl 512]} 30. cxd3 (30. Rxd3 Rhxg4) 30... Rhxg4 {Weighted Error Value: White=0.61/Black=0.29 (precise)} 0-1